<?xml version="1.0" encoding="UTF-8"?>
<collection xmlns="http://www.loc.gov/MARC21/slim">
 <record>
  <leader>00664nam a2200181 a 4500</leader>
  <controlfield tag="001">1/25797</controlfield>
  <controlfield tag="008">050418s1985    lu adf   ys  n00010 mul  </controlfield>
  <datafield tag="020" ind1=" " ind2=" ">
   <subfield code="a">9282568733</subfield>
  </datafield>
  <datafield tag="035" ind1=" " ind2=" ">
   <subfield code="l">27614</subfield>
  </datafield>
  <datafield tag="082" ind1="0" ind2="0">
   <subfield code="a">KET 333.79 ENE</subfield>
  </datafield>
  <datafield tag="245" ind1="0" ind2="0">
   <subfield code="a">Energy:</subfield>
   <subfield code="b">statistical yearbook. 1985</subfield>
  </datafield>
  <datafield tag="260" ind1="0" ind2=" ">
   <subfield code="a">Luxembourg:</subfield>
   <subfield code="b">Office des publications officielles des Communautes europeenes,</subfield>
   <subfield code="c">1985</subfield>
  </datafield>
  <datafield tag="300" ind1=" " ind2=" ">
   <subfield code="a">lxxxviii, 200 σ.:</subfield>
   <subfield code="b">εικ., διαγράμ., πίν.;</subfield>
   <subfield code="c">30 εκ.</subfield>
  </datafield>
  <datafield tag="490" ind1=" " ind2="0">
   <subfield code="a">Eurostat.</subfield>
  </datafield>
  <datafield tag="650" ind1=" " ind2="4">
   <subfield code="a">Energy.</subfield>
  </datafield>
  <datafield tag="650" ind1=" " ind2="4">
   <subfield code="a">Energy</subfield>
   <subfield code="z">European Union countries.</subfield>
  </datafield>
  <datafield tag="852" ind1=" " ind2=" ">
   <subfield code="a">INST</subfield>
   <subfield code="b">UNIPILB</subfield>
   <subfield code="c">KET</subfield>
   <subfield code="e">20050418</subfield>
   <subfield code="h">KET 333.79 ENE</subfield>
   <subfield code="p">00147422</subfield>
   <subfield code="q">00147422</subfield>
   <subfield code="t">LOAN</subfield>
   <subfield code="y">0</subfield>
   <subfield code="4">1</subfield>
  </datafield>
  <datafield tag="856" ind1="4" ind2=" ">
   <subfield code="d">/webopac/covers/02/27614_9282568733.jpg</subfield>
  </datafield>
 </record>
</collection>
